Statistics for Who Did that Glee Song

Click here to take the quiz!

General Stats

  • This quiz has been taken 5,255 times
    (5,252 since last reset)
  • The average score is 14 of 38

Answer Stats

Song Musical Act % Correct
Don't Stop Believin'Journey
90%
Poker FaceLady Gaga
90%
ImagineJohn Lennon
72%
Gold DiggerKanye West
71%
Somebody to LoveQueen
63%
Take a BowRihanna
62%
My Life Would Suck
Without You
Kelly Clarkson
60%
PhysicalOlivia Newton-John
55%
Hello, GoodbyeThe Beatles
53%
Proud MaryCreedence Clearwater
Revival
51%
Dream OnAerosmith
48%
Sweet CarolineNeil Diamond
47%
Total Eclipse of the HeartBonnie Tyler
47%
No AirJordin Sparks
47%
True ColorsCyndi Lauper
46%
Gives You HellThe All-American Rejects
43%
JumpVan Halen
43%
Don't Stand So Close to MeThe Police
41%
You Can't Always Get
What Your Want
The Rolling Stones
38%
Keep Holding OnAvril Lavigne
32%
Endless LoveLionel Richie and
Diana Ross
31%
LoserBeck
31%
Can't Fight This FeelingREO Speedwagon
30%
BethKISS
27%
AloneHeart
26%
Dancing with MyselfBilly Idol
24%
Safety DanceMen Without Hats
23%
Taking ChancesCĂ©line Dion
23%
I'll Stand by YouThe Pretenders
20%
Lean on MeBill Withers
16%
You Keep Me Hangin' OnThe Supremes
16%
Bust a MoveYoung MC
15%
(You're) Having my BabyPaul Anka and
Odia Coates
9%
Bust Your WindowsJazmine Sullivan
9%
CrushJennifer Paige
9%
Give Up the FunkParliament
7%
Hate on MeJill Scott
7%
Don't Make Me OverDionne Warwick
5%

Score Distribution

Percentile by Number Answered

Percent of People with Each Score

Your Score History

You have not taken this quiz since the last reset